LEADER 01773nam a2200325 i 4500 001 991002492819707536 005 20020503170002.0 008 000908s1893 it ||| | ita 035 $ab10372520-39ule_inst 035 $aEXGIL104788$9ExL 040 $aBiblioteca Interfacoltà$bita 082 0 $a945.08 100 1 $aMancini, Pasquale Stanislao$0446854 245 10$aDiscorsi parlamentari /$craccolti e pubblicati per deliberazione della Camera dei deputati 260 $aRoma :$bTipografia della camera dei deputati,$c1893 300 $a8 v. 651 4$aItalia$xStoria 907 $a.b10372520$b02-04-14$c27-06-02 912 $a991002492819707536 945 $aLE002 St. IV N 1 I$cV. 1$g1$i2002000683151$lle002$o-$pE0.00$q-$rn$so $t0$u0$v0$w0$x0$y.i10435955$z27-06-02 945 $aLE002 St. IV N 1 II$cV. 2$g1$i2002000683168$lle002$o-$pE0.00$q-$rn$so $t0$u0$v0$w0$x0$y.i10435967$z27-06-02 945 $aLE002 St. IV N 1 III$cV. 3$g1$i2002000683205$lle002$o-$pE0.00$q-$rn$so $t0$u1$v0$w1$x0$y.i10435979$z27-06-02 945 $aLE002 St. IV N 1 IV$cV. 4$g1$i2002000683199$lle002$o-$pE0.00$q-$rn$so $t0$u1$v0$w1$x0$y.i10435980$z27-06-02 945 $aLE002 St. IV N 1 V$cV. 5$g1$i2002000683229$lle002$o-$pE0.00$q-$rn$sr $t0$u1$v0$w1$x0$y.i10435992$z27-06-02 945 $aLE002 St. IV N 1 VI$cV. 6$g1$i2002000683175$lle002$o-$pE0.00$q-$rn$s- $t0$u1$v0$w1$x0$y.i10436005$z27-06-02 945 $aLE002 St. IV N 1 VII$cV. 7$g1$i2002000683182$lle002$o-$pE0.00$q-$rn$s- $t0$u1$v0$w1$x0$y.i10436017$z27-06-02 945 $aLE002 St. IV N 1 VIII$cV. 8$g1$i2002000683212$lle002$o-$pE0.00$q-$rn$s- $t0$u1$v0$w1$x0$y.i10436029$z27-06-02 996 $aDiscorsi parlamentari$9203000 997 $aUNISALENTO 998 $ale002$b01-01-00$cm$da $e-$fita$git $h0$i8